Pasadomañana: relatos

Đã lưu trong:
Chi tiết về thư mục
Tác giả chính: Baeza Flores, Alberto (Tác giả)
Định dạng: Sách
Ngôn ngữ:Tiếng Tây Ban Nha
Được phát hành: San José Epoca y Ser 1975
Loạt:Narradores de América Latina, Colección Tiempo de Ahora
Những chủ đề:
Các nhãn: Thêm thẻ
Không có thẻ, Là người đầu tiên thẻ bản ghi này!

MARC

LEADER 00000nam a2200000 a 4500
001 UCX3702
003 CL-VaPUC
008 911129e19750000CR |||||||||||||||||spa|d
082 0 4 |a Ch863  |b BAE  |2 21 
100 0 |a Baeza Flores, Alberto  |e author  |9 319887 
245 1 0 |a Pasadomañana: relatos 
300 |a 182 p 
942 |c BK 
945 |d 19911129 00:00:00 
260 |a San José  |b Epoca y Ser  |c 1975 
650 0 |a Cuentos chilenos   |9 308280 
583 |a last modification  |c 19911129 00:00:00  |k Rodrigo Vera 
490 0 |a Narradores de América Latina, Colección Tiempo de Ahora 
999 |c 224384  |d 224382 
952 |0 0  |1 0  |4 0  |6 CH_863_000000000000000_BAE_1975  |7 0  |8 A  |9 220969  |a BIBEDU  |b BIBEDU  |d 2019-11-15  |i 3170659  |o Ch863 BAE 1975  |p 3170659  |r 2019-11-15  |w 2019-11-15  |y BK  |k LIT